Library Banner

Violent conflict and the transformation of social capital (Record no. 30170)

MARC details
000 -LEADER
fixed length control field 00648nam a2200217Ia 4500
001 - CONTROL NUMBER
control field 30043
003 - CONTROL NUMBER IDENTIFIER
control field OSt
005 - DATE AND TIME OF LATEST TRANSACTION
control field 20200909113245.0
008 - FIXED-LENGTH DATA ELEMENTS--GENERAL INFORMATION
fixed length control field 140416s9999 xx 000 0 und d
020 ## - INTERNATIONAL STANDARD BOOK NUMBER
International Standard Book Number 0-8213-4412-9
040 ## - CATALOGING SOURCE
Transcribing agency PK-LaUMT
082 ## - DEWEY DECIMAL CLASSIFICATION NUMBER
Classification number W 303.6
Item number COL-V
100 ## - MAIN ENTRY--PERSONAL NAME
Personal name Michelle L. Cullen
245 ## - TITLE STATEMENT
Title Violent conflict and the transformation of social capital
Remainder of title lessons from Cambodia, Rwanda, Guatemala, and Somalia
Statement of responsibility, etc Michelle L. Cullen<>Nat J. Colletta
260 ## - PUBLICATION, DISTRIBUTION, ETC. (IMPRINT)
Place of publication, distribution, etc Washington,USA:
Name of publisher, distributor, etc World Bank,
Date of publication, distribution, etc 2000
300 ## - PHYSICAL DESCRIPTION
Extent 139 p.
546 ## - LANGUAGE NOTE
Language note EN
650 ## - SUBJECT ADDED ENTRY--TOPICAL TERM
Topical term or geographic name as entry element Conflict-Somalia
700 ## - ADDED ENTRY--PERSONAL NAME
Personal name Nat J. Colletta
942 ## - ADDED ENTRY ELEMENTS (KOHA)
Koha item type Permanently weeded out collection
Source of classification or shelving scheme Dewey Decimal Classification
Holdings
Withdrawn status Lost status Damaged status Not for loan Home library Current library Date acquired Total Checkouts Full call number Barcode Date last seen Price effective from Koha item type
        UMT Main Campus UMT Main Campus 2014-04-16   W 303.6 COL-V 36681 2014-05-03 2014-05-03 Books